| 000 | 00910nam a2200253 a 4500 | ||
|---|---|---|---|
| 008 | |||
| 020 | _a0415147018 (alk. paper) | ||
| 049 | _aMAIN | ||
| 090 | 0 | 0 |
_aLB1028.43 _bINF |
| 245 | 0 | 0 |
_aInformation technology and authentic learning : _brealising the potential of computers in the primary classroom / _cedited by Angela McFarlane. |
| 260 |
_aLondon : _bRoutledge, _c1997. |
||
| 300 |
_axii, 191 p. : _bill. ; _c24 cm. |
||
| 504 | _aIncludes bibliographical references. | ||
| 500 | _aIncludes index. | ||
| 650 | 0 |
_aComputer-assisted instruction _zGreat Britain. |
|
| 650 | 0 |
_aEducation, Elementary _zGreat Britain _xData processing. |
|
| 650 | 0 |
_aInformation technology _zGreat Britain. |
|
| 700 | 1 | _aMcFarlane, Angela. | |
| 907 |
_a.b10125206 _b20-04-12 _c07-06-04 |
||
| 003 | |||
| 005 | 20230123133730.0 | ||
| 040 | _cNUST | ||
| 942 |
_cBOOKS _kLB1028.43 _mINF |
||
| 999 |
_c153672 _d153672 |
||